Statistics for Every Song by Two Door Cinema Club

Click here to take the quiz!

General Stats

  • This quiz has been taken 4 times
  • The average score is 24 of 74

Answer Stats

AlbumSong% Correct
Beacon(2012)Beacon
75%
Changing of the Seasons(2013)Changing of the Seasons
75%
Gameshow(2016)Gameshow
75%
Tourist History(2010)Cigarettes in the Theatre
50%
Keep on Smiling(2022)Disappearer
50%
Tourist History(2010)Eat That Up, It's Good for You
50%
Changing of the Seasons(2013)Golden Veins
50%
Beacon(2012)Handshake
50%
Tourist History(2010)I Can Talk
50%
Non-Album(2020)Isolation
50%
Keep on Smiling(2022)Messenger HD
50%
Beacon(2012)Next Year
50%
Beacon(2012)Pyramid
50%
Beacon(2012)Sun
50%
Tourist History(2010)Undercover Martyn
50%
Tourist History(2010)What You Know
50%
Keep on Smiling(2022)Wonderful Life
50%
Lost Songs (Found)(2020)19
25%
False Alarm(2019)Already Gone
25%
Gameshow(2016)Are We Ready? (Wreck)
25%
Gameshow(2016)Bad Decisions
25%
Keep on Smiling(2022)Blue Light
25%
False Alarm(2019)Break
25%
Tourist History(2010)Come Back Home
25%
Tourist History(Bonus)(2010)Costume Party
25%
Changing of the Seasons(2013)Crystal
25%
False Alarm(2019)Dirty Air
25%
Four Words to Stand On(2008)
New Houses
25%
Tourist History(2010)Do You Want It All?
25%
Keep on Smiling(2022)Everybody's Cool
25%
Keep on Smiling(2022)Feeling Strange
25%
Gameshow(2016)Fever
25%
Gameshow(Bonus)(2016)Gasoline
25%
Gameshow(2016)Good Morning
25%
Lost Songs (Found)(2020)Hands Off My Cash Money
25%
Non-Album(2024)Happy Customers
25%
Keep on Smiling(2022)High
25%
Lost Songs (Found)(2020)Impatience is a Virtue
25%
Gameshow(2016)Invincible
25%
Gameshow(2016)Je Viens De La
25%
Tourist History(Bonus)(2010)Kids
25%
Gameshow(2016)Lavender
25%
Keep on Smiling(2022)Little Piggy
25%
Keep on Smiling(2022)Lucky
25%
Keep on Smiling(2022)Messenger AD (Intro)
25%
Keep on Smiling(2022)Millionaire
25%
False Alarm(2019)Nice to See You
25%
Lost Songs (Found)(2020)Not in This Town
25%
False Alarm(2019)Once
25%
Gameshow(2016)Ordinary
25%
Beacon(Bonus)(2012)Remember My Name
25%
False Alarm(2019)Satellite
25%
False Alarm(2019)Satisfaction Guaranteed
25%
Beacon(2012)Settle
25%
Beacon(2012)Sleep Alone
25%
False Alarm(2019)So Many People
25%
Beacon(2012)Someday
25%
Lost Songs (Found)(2020)Something Good Can Work
25%
Tourist History(2010)Something Good Can Work
25%
Beacon(2012)Spring
25%
Four Words to Stand On(2008)Standing on Ghosts
25%
Beacon(Bonus)(2012)Start Again
25%
Gameshow(Bonus)(2016)Sucker
25%
Non-Album(2023)Sure Enough
25%
Gameshow(2016)Surgery
25%
False Alarm(2019)Talk
25%
Beacon(2012)The World Is Watching
25%
False Alarm(2019)Think
25%
Tourist History(2010)This Is the Life
25%
Lost Songs (Found)(2020)Tiptoes
25%
Lost Songs (Found)(2020)Too Much Coffee
25%
Beacon(2012)Wake Up
25%
Keep on Smiling(2022)Won't Do Nothing
25%
Tourist History(2010)You're Not Stubborn
25%

Score Distribution

Percentile by Number Answered

Percent of People with Each Score

Your Score History

You have not taken this quiz